[Event "Bundesliga 9495"]
[Site "Deutschland"]
[Date "1995.??.??"]
[Round "?.4"]
[White "Reschke, Stefan"]
[Black "Jasnikowski, Zbigniew"]
[Result "0-1"]
[WhiteElo "2405"]
[BlackElo "2425"]
[PlyCount "98"]
[EventDate "1994.10.??"]
[EventType "team"]
[EventRounds "15"]
[EventCountry "GER"]
[SourceTitle "Bundesliga 9495"]
[Source "DeepChess"]
[SourceDate "2005.01.01"]
[SourceVersion "1"]
[SourceVersionDate "2005.01.01"]
[SourceQuality "1"]
[WhiteTeam "SV 1920 Hofheim"]
[BlackTeam "SV Erfurt West 90"]
[WhiteTeamCountry "GER"]
[BlackTeamCountry "GER"]

1. c4 e5 2. g3 Nc6 3. Bg2 g6 4. Nc3 Bg7 5. Rb1 a5 6. d3 Nge7 7. e3 O-O 8. Nge2
d6 9. O-O f5 10. f4 Be6 11. Nd5 Bf7 12. Nec3 Nxd5 13. Nxd5 Rb8 14. Bd2 b6 15.
a3 Ne7 16. Qc2 Re8 17. b4 axb4 18. Rxb4 c5 19. Nxe7+ Rxe7 20. Rb3 exf4 21. gxf4
d5 22. Rfb1 Ra7 23. Bc1 dxc4 24. dxc4 Rd7 25. h3 Rd6 26. Kh2 Qd7 27. Rb5 Rd8
28. Rxb6 Rxb6 29. Rxb6 Qd1 30. Qxd1 Rxd1 31. Rb8+ Bf8 32. Bb2 Rb1 33. a4 Bxc4
34. a5 Kf7 35. Rb6 Be7 36. Be5 Rb4 37. Bc7 Ra4 38. Rb2 Ke6 39. Rd2 Ra3 40. Bb7
Rxe3 41. Rc2 Bf1 42. Kg1 Re1 43. Kf2 Bh4+ 44. Kf3 Rb1 45. Bc8+ Kd5 46. Be5 Be1
47. a6 Rb3+ 48. Bc3 Bxc3 49. Kf2 Bb5 0-1

[Event "Bundesliga 9495"]
[Site "Deutschland"]
[Date "1995.??.??"]
[Round "?.5"]
[White "Mueller, Mat"]
[Black "Schmitzer, Klaus"]
[Result "0-1"]
[WhiteElo "2375"]
[BlackElo "2355"]
[PlyCount "80"]
[EventDate "1994.10.??"]
[EventType "team"]
[EventRounds "15"]
[EventCountry "GER"]
[SourceTitle "Bundesliga 9495"]
[Source "DeepChess"]
[SourceDate "2005.01.01"]
[SourceVersion "1"]
[SourceVersionDate "2005.01.01"]
[SourceQuality "1"]
[WhiteTeam "SV Erfurt West 90"]
[BlackTeam "SV 1920 Hofheim"]
[WhiteTeamCountry "GER"]
[BlackTeamCountry "GER"]

1. e4 d5 2. exd5 Nf6 3. d4 Nxd5 4. c4 Nb6 5. Nf3 Bg4 6. c5 N6d7 7. Bc4 e6 8.
Nc3 Be7 9. h3 Bh5 10. Be3 b6 11. g4 Bg6 12. Qe2 c6 13. O-O-O Qc7 14. h4 h5 15.
Ng5 Nf6 16. f3 Nd5 17. Nce4 Nd7 18. Bf2 N7f6 19. Bg3 Qd7 20. Bd3 hxg4 21. fxg4
Nb4 22. Nxf6+ gxf6 23. Bxg6 fxg5 24. Be5 Rxh4 25. Bh5 Qd5 26. Rxh4 gxh4 27. b3
bxc5 28. a3 Qxb3 29. axb4 Bg5+ 30. Rd2 cxb4 31. Qf2 Bxd2+ 32. Qxd2 Qc3+ 33.
Qxc3 bxc3 34. Kc2 a5 35. Kxc3 a4 36. Kb2 Ra5 37. g5 c5 38. dxc5 Rxc5 39. Bf6 h3
40. Bf3 h2 0-1

[Event "Bundesliga 9495"]
[Site "Deutschland"]
[Date "1995.??.??"]
[Round "?.6"]
[White "Buchal, Stephan"]
[Black "Troyke, Christian"]
[Result "1-0"]
[WhiteElo "2355"]
[BlackElo "2355"]
[PlyCount "63"]
[EventDate "1994.10.??"]
[EventType "team"]
[EventRounds "15"]
[EventCountry "GER"]
[SourceTitle "Bundesliga 9495"]
[Source "DeepChess"]
[SourceDate "2005.01.01"]
[SourceVersion "1"]
[SourceVersionDate "2005.01.01"]
[SourceQuality "1"]
[WhiteTeam "SV 1920 Hofheim"]
[BlackTeam "SV Erfurt West 90"]
[WhiteTeamCountry "GER"]
[BlackTeamCountry "GER"]

1. e4 c5 2. Nf3 Nc6 3. Bb5 g6 4. Bxc6 dxc6 5. h3 Bg7 6. d3 Nf6 7. Nc3 O-O 8.
Be3 b6 9. Qd2 Nd7 10. Bh6 Qc7 11. O-O-O b5 12. Ne2 b4 13. h4 Qa5 14. Bxg7 Kxg7
15. Kb1 h5 16. Ng3 Rh8 17. d4 c4 18. c3 c5 19. Rc1 b3 20. a3 Qc7 21. Qg5 Nf6
22. Rhe1 Ng4 23. Re2 Be6 24. d5 f6 25. Qd2 Bf7 26. e5 Rad8 27. d6 Qb8 28. Qf4
fxe5 29. Nxe5 Be8 30. dxe7 Rd6 31. Nxc4 Rf6 32. Qxb8 1-0

[Event "Bundesliga 9495"]
[Site "Deutschland"]
[Date "1995.??.??"]
[Round "?.8"]
[White "Rechel, Ralf"]
[Black "Machelett, Heiko"]
[Result "0-1"]
[WhiteElo "2145"]
[BlackElo "2315"]
[PlyCount "94"]
[EventDate "1994.10.??"]
[EventType "team"]
[EventRounds "15"]
[EventCountry "GER"]
[SourceTitle "Bundesliga 9495"]
[Source "DeepChess"]
[SourceDate "2005.01.01"]
[SourceVersion "1"]
[SourceVersionDate "2005.01.01"]
[SourceQuality "1"]
[WhiteTeam "SV 1920 Hofheim"]
[BlackTeam "SV Erfurt West 90"]
[WhiteTeamCountry "GER"]
[BlackTeamCountry "GER"]

1. e4 e6 2. d4 d5 3. Nc3 Bb4 4. e5 c5 5. a3 Ba5 6. b4 cxd4 7. Nb5 Bc7 8. f4 a5
9. Bb2 Nh6 10. Bd3 axb4 11. axb4 Rxa1 12. Bxa1 Nc6 13. Qd2 O-O 14. Nxc7 Qxc7
15. Nf3 Qe7 16. b5 Nb4 17. O-O Nxd3 18. Qxd3 Bd7 19. Nxd4 Qc5 20. Rb1 Ra8 21.
Bb2 Nf5 22. Kh1 Ne7 23. g4 Qc4 24. Qxc4 dxc4 25. Bc1 Nd5 26. Kg2 Ra4 27. Ne2 f6
28. Bd2 Ra2 29. Nd4 fxe5 30. fxe5 c3 31. Bc1 Ra4 32. Ne2 Rxg4+ 33. Kf3 Rc4 34.
Ba3 Be8 35. Ng3 Bg6 36. Rc1 h5 37. Bd6 h4 38. Ne2 Re4 39. Ra1 Re3+ 40. Kf2 Bxc2
41. Nf4 Be4 42. Nxe6 Rf3+ 43. Kg1 Rf5 44. Ra8+ Kh7 45. Nf8+ Kh6 46. e6 c2 47.
Ra1 Nc3 0-1

[Event "Bundesliga 9495"]
[Site "Deutschland"]
[Date "1994.??.??"]
[Round "?.1"]
[White "Mokry, Karel"]
[Black "Zude, Arno"]
[Result "1/2-1/2"]
[WhiteElo "2530"]
[BlackElo "2435"]
[PlyCount "73"]
[EventDate "1994.10.??"]
[EventType "team"]
[EventRounds "15"]
[EventCountry "GER"]
[SourceTitle "Bundesliga 9495"]
[Source "DeepChess"]
[SourceDate "2005.01.01"]
[SourceVersion "1"]
[SourceVersionDate "2005.01.01"]
[SourceQuality "1"]
[WhiteTeam "SV Tuebingen 1870 e.V."]
[BlackTeam "SV 1920 Hofheim"]
[WhiteTeamCountry "GER"]
[BlackTeamCountry "GER"]

1. e4 e5 2. Nf3 Nc6 3. Bb5 a6 4. Ba4 d6 5. c3 Bd7 6. d4 Nge7 7. Bb3 h6 8. Nbd2
Ng6 9. Nc4 Be7 10. Ne3 Bg5 11. h3 Bxe3 12. Bxe3 O-O 13. O-O Qe7 14. Nd2 Na5 15.
Bc2 Bb5 16. Re1 Nc4 17. Nxc4 Bxc4 18. Qh5 c5 19. d5 Bb5 20. g3 Be8 21. f4 exf4
22. gxf4 f5 23. exf5 Nh4 24. Qg4 h5 25. Qg3 Qf6 26. Bf2 Nxf5 27. Qg5 Qxg5+ 28.
fxg5 Bd7 29. Re2 Rae8 30. Rae1 Rxe2 31. Rxe2 Kf7 32. Kg2 b5 33. h4 Re8 34. Rxe8
Kxe8 35. b4 cxb4 36. cxb4 Ke7 37. Bxf5 1/2-1/2

[Event "Bundesliga 9495"]
[Site "Deutschland"]
[Date "1994.??.??"]
[Round "?.2"]
[White "Pirrot, Dieter"]
[Black "Schmittdiel, Eckhard"]
[Result "1/2-1/2"]
[WhiteElo "2395"]
[BlackElo "2495"]
[PlyCount "82"]
[EventDate "1994.10.??"]
[EventType "team"]
[EventRounds "15"]
[EventCountry "GER"]
[SourceTitle "Bundesliga 9495"]
[Source "DeepChess"]
[SourceDate "2005.01.01"]
[SourceVersion "1"]
[SourceVersionDate "2005.01.01"]
[SourceQuality "1"]
[WhiteTeam "SV 1920 Hofheim"]
[BlackTeam "SV Tuebingen 1870 e.V."]
[WhiteTeamCountry "GER"]
[BlackTeamCountry "GER"]

1. e4 d6 2. d4 Nf6 3. Nc3 g6 4. h3 Bg7 5. Nf3 a6 6. a4 b6 7. Be3 Bb7 8. Bd3 Nc6
9. Qd2 Nb4 10. Bh6 Nxd3+ 11. cxd3 O-O 12. O-O c5 13. Bxg7 Kxg7 14. dxc5 bxc5
15. a5 Rb8 16. b4 cxb4 17. Ne2 e5 18. Rfb1 d5 19. Rxb4 dxe4 20. Nxe5 Qd6 21. d4
Nd5 22. Rb2 Bc6 23. Nc3 Nxc3 24. Qxc3 Bb5 25. d5 f6 26. Nc4 Qxd5 27. Nb6 Qe6
28. Qc7+ Qf7 29. Qf4 Rbe8 30. Rc2 Qe6 31. Rc7+ Kg8 32. Qe3 Re7 33. Rac1 Rff7
34. R7c5 Re8 35. Nd5 Qd6 36. Qc3 Bd3 37. Qd4 Kg7 38. Qe3 Re5 39. Nc7 Rfe7 40.
Rc6 Qd7 41. Nxa6 Bxa6 1/2-1/2

[Event "Bundesliga 9495"]
[Site "Deutschland"]
[Date "1994.??.??"]
[Round "?.3"]
[White "Horvath, Tamas"]
[Black "Rechel, Bernd"]
[Result "1/2-1/2"]
[WhiteElo "2435"]
[BlackElo "2410"]
[PlyCount "69"]
[EventDate "1994.10.??"]
[EventType "team"]
[EventRounds "15"]
[EventCountry "GER"]
[SourceTitle "Bundesliga 9495"]
[Source "DeepChess"]
[SourceDate "2005.01.01"]
[SourceVersion "1"]
[SourceVersionDate "2005.01.01"]
[SourceQuality "1"]
[WhiteTeam "SV Tuebingen 1870 e.V."]
[BlackTeam "SV 1920 Hofheim"]
[WhiteTeamCountry "GER"]
[BlackTeamCountry "GER"]

1. e4 c5 2. Ne2 d6 3. g3 b5 4. Bg2 Bb7 5. O-O Nf6 6. Nbc3 e6 7. d3 b4 8. Nb1
Qd7 9. h3 Be7 10. Be3 Nc6 11. f4 Qc7 12. Nd2 d5 13. g4 dxe4 14. dxe4 h6 15. Qe1
Rd8 16. Rc1 Ba6 17. Qf2 Nd4 18. Bxd4 cxd4 19. Nb3 O-O 20. Rfe1 Bxe2 21. Rxe2 e5
22. Rd1 exf4 23. e5 Nd5 24. Rxd4 Ne3 25. Qxf4 Bg5 26. Qe4 Rxd4 27. Nxd4 Nc4 28.
b3 Rd8 29. Nf3 Nd2 30. Nxd2 Rxd2 31. Rxd2 Bxd2 32. e6 Qb6+ 33. Kf1 Qxe6 34.
Qxe6 fxe6 35. Ke2 1/2-1/2

[Event "Bundesliga 9495"]
[Site "Deutschland"]
[Date "1994.??.??"]
[Round "?.4"]
[White "Reschke, Stefan"]
[Black "Kraut, Rainer"]
[Result "1/2-1/2"]
[WhiteElo "2385"]
[BlackElo "2415"]
[PlyCount "81"]
[EventDate "1994.10.??"]
[EventType "team"]
[EventRounds "15"]
[EventCountry "GER"]
[SourceTitle "Bundesliga 9495"]
[Source "DeepChess"]
[SourceDate "2005.01.01"]
[SourceVersion "1"]
[SourceVersionDate "2005.01.01"]
[SourceQuality "1"]
[WhiteTeam "SV 1920 Hofheim"]
[BlackTeam "SV Tuebingen 1870 e.V."]
[WhiteTeamCountry "GER"]
[BlackTeamCountry "GER"]

1. c4 e5 2. g3 Nf6 3. Bg2 Nc6 4. Nf3 Bc5 5. O-O d6 6. Nc3 a6 7. b3 O-O 8. Bb2
Re8 9. Nd5 Bg4 10. d3 Nxd5 11. cxd5 Nd4 12. e3 Nxf3+ 13. Bxf3 Bxf3 14. Qxf3 Qd7
15. Rac1 a5 16. Rc4 Qb5 17. Ba1 Qd7 18. Rfc1 Re7 19. Qh5 f6 20. d4 Bb6 21. dxe5
fxe5 22. Rh4 g6 23. Qe2 Rf8 24. Bc3 Ref7 25. Rf1 Rf3 26. Bd2 Qf7 27. Ra4 Qxd5
28. Qc4 Qxc4 29. bxc4 R8f7 30. Ra3 Rf8 31. Bxa5 Ra8 32. Bb4 Rxa3 33. Bxa3 Rf8
34. Rb1 Rd8 35. Rb5 Kf7 36. Bb4 Ke6 37. a4 Rb8 38. Kf1 Ba7 39. Rd5 Rd8 40. Rb5
Rb8 41. Rd5 1/2-1/2

[Event "Bundesliga 9495"]
[Site "Deutschland"]
[Date "1994.??.??"]
[Round "?.5"]
[White "Zeller, Frank"]
[Black "Schmitzer, Klaus"]
[Result "1-0"]
[WhiteElo "2350"]
[BlackElo "2330"]
[PlyCount "99"]
[EventDate "1994.10.??"]
[EventType "team"]
[EventRounds "15"]
[EventCountry "GER"]
[SourceTitle "Bundesliga 9495"]
[Source "DeepChess"]
[SourceDate "2005.01.01"]
[SourceVersion "1"]
[SourceVersionDate "2005.01.01"]
[SourceQuality "1"]
[WhiteTeam "SV Tuebingen 1870 e.V."]
[BlackTeam "SV 1920 Hofheim"]
[WhiteTeamCountry "GER"]
[BlackTeamCountry "GER"]

1. e4 c6 2. d4 d5 3. e5 Bf5 4. Nf3 e6 5. Be2 c5 6. O-O Nc6 7. c3 Nge7 8. dxc5
Ng6 9. b4 Be7 10. Nd4 Ngxe5 11. Nxf5 exf5 12. Be3 O-O 13. Na3 Ng6 14. Nc2 f4
15. Bd4 Re8 16. Bb5 Qd7 17. Qh5 Bf8 18. Rad1 a6 19. Ba4 Re4 20. c4 dxc4 21.
Bxg7 Qe7 22. Bxf8 Rxf8 23. Bxc6 bxc6 24. Rd6 Re5 25. Qd1 Qg5 26. Nd4 Nh4 27. g3
fxg3 28. hxg3 Re3 29. Kh2 Rd3 30. Qe2 Kh8 31. Rd1 Rxd1 32. Qxd1 c3 33. Qd3 Ng6
34. Nf5 Ne5 35. Qe4 Ng4+ 36. Kg2 Qh5 37. Nh4 f6 38. Qd3 Qe5 39. Nf3 Qh5 40.
Qxc3 h6 41. Rxc6 Re8 42. Qd3 Qh1+ 43. Kxh1 Nxf2+ 44. Kg1 Nxd3 45. a3 Kg7 46.
Rxa6 Re3 47. c6 Nb2 48. c7 Rc3 49. Nd4 Rc1+ 50. Kh2 1-0

[Event "Bundesliga 9495"]
[Site "Deutschland"]
[Date "1994.??.??"]
[Round "?.6"]
[White "Zude, Erik"]
[Black "Werner, Marc"]
[Result "0-1"]
[WhiteElo "2365"]
[BlackElo "2345"]
[PlyCount "56"]
[EventDate "1994.10.??"]
[EventType "team"]
[EventRounds "15"]
[EventCountry "GER"]
[SourceTitle "Bundesliga 9495"]
[Source "DeepChess"]
[SourceDate "2005.01.01"]
[SourceVersion "1"]
[SourceVersionDate "2005.01.01"]
[SourceQuality "1"]
[WhiteTeam "SV 1920 Hofheim"]
[BlackTeam "SV Tuebingen 1870 e.V."]
[WhiteTeamCountry "GER"]
[BlackTeamCountry "GER"]

1. e4 c5 2. Nf3 d6 3. c3 Nf6 4. Be2 e6 5. O-O Be7 6. Re1 O-O 7. Bf1 b6 8. d4
Bb7 9. Bd3 cxd4 10. cxd4 d5 11. e5 Ne4 12. Nbd2 Nxd2 13. Bxd2 Ba6 14. Bxa6 Nxa6
15. Qa4 Qc8 16. Rac1 Qb7 17. Rc2 Rfc8 18. Rec1 h6 19. a3 Bf8 20. Rc6 Nc5 21.
R6xc5 bxc5 22. Bc3 cxd4 23. Nxd4 Rc4 24. Qd1 Rac8 25. Ne2 Qb5 26. Qd2 Bc5 27.
Rf1 d4 28. Ba5 d3 0-1

[Event "Bundesliga 9495"]
[Site "Deutschland"]
[Date "1994.??.??"]
[Round "?.7"]
[White "Dutschak, Hauke"]
[Black "Quendro, Llambi"]
[Result "1/2-1/2"]
[WhiteElo "2240"]
[BlackElo "2300"]
[PlyCount "105"]
[EventDate "1994.10.??"]
[EventType "team"]
[EventRounds "15"]
[EventCountry "GER"]
[SourceTitle "Bundesliga 9495"]
[Source "DeepChess"]
[SourceDate "2005.01.01"]
[SourceVersion "1"]
[SourceVersionDate "2005.01.01"]
[SourceQuality "1"]
[WhiteTeam "SV Tuebingen 1870 e.V."]
[BlackTeam "SV 1920 Hofheim"]
[WhiteTeamCountry "GER"]
[BlackTeamCountry "GER"]

1. e4 c6 2. d4 d5 3. e5 Bf5 4. Nf3 e6 5. c3 Qb6 6. b4 Nd7 7. Bf4 a5 8. Qa4 Qd8
9. b5 Nb6 10. Qd1 Ne7 11. Bd3 Bxd3 12. Qxd3 Ng6 13. Be3 Be7 14. bxc6 bxc6 15.
Nbd2 O-O 16. O-O Qc8 17. Rfc1 Qa6 18. Qxa6 Rxa6 19. Rab1 f6 20. exf6 Bxf6 21.
c4 Nxc4 22. Nxc4 dxc4 23. Rxc4 e5 24. h3 exd4 25. Nxd4 Bxd4 26. Rxd4 Raa8 27.
Rc4 Rfc8 28. Rb6 Ne7 29. Rb7 Nf5 30. Bf4 Rd8 31. Rxc6 Nd4 32. Rc4 Ne2+ 33. Kh2
Nxf4 34. Rxf4 Rf8 35. Rxf8+ Rxf8 36. Kg3 Rc8 37. Rb2 Rc4 38. Kf3 Kf7 39. Ke3 h6
40. g3 Ra4 41. h4 Kf6 42. Kd3 Kf5 43. Re2 g5 44. hxg5 hxg5 45. Rc2 Ra3+ 46. Kd4
Kg4 47. Ke5 Rf3 48. Ke4 Ra3 49. Rb2 Rf3 50. Kd4 Kh3 51. Kc5 Kg2 52. a4 Rxf2 53.
Rxf2+ 1/2-1/2

[Event "Bundesliga 9495"]
[Site "Deutschland"]
[Date "1994.??.??"]
[Round "?.8"]
[White "Haubt, Georg"]
[Black "Foessmeier, Ulrich"]
[Result "0-1"]
[WhiteElo "2240"]
[BlackElo "2305"]
[PlyCount "56"]
[EventDate "1994.10.??"]
[EventType "team"]
[EventRounds "15"]
[EventCountry "GER"]
[SourceTitle "Bundesliga 9495"]
[Source "DeepChess"]
[SourceDate "2005.01.01"]
[SourceVersion "1"]
[SourceVersionDate "2005.01.01"]
[SourceQuality "1"]
[WhiteTeam "SV 1920 Hofheim"]
[BlackTeam "SV Tuebingen 1870 e.V."]
[WhiteTeamCountry "GER"]
[BlackTeamCountry "GER"]

1. e4 e5 2. Nf3 Nc6 3. d4 exd4 4. Nxd4 Nf6 5. Nxc6 bxc6 6. e5 Qe7 7. Qe2 Nd5 8.
c4 Nb6 9. b3 Qe6 10. Nd2 Bb4 11. Bb2 a5 12. O-O-O a4 13. f4 axb3 14. axb3 O-O
15. Nf3 d5 16. exd6 Bxd6 17. Qd2 Ba3 18. Bd3 Qf6 19. Ne5 Nd7 20. Bxa3 Rxa3 21.
Kb2 Ra6 22. Qe3 Ra5 23. Rhe1 Re8 24. Bxh7+ Kxh7 25. Qh3+ Kg8 26. Rxd7 Qxf4 27.
Qc3 Raxe5 28. Rxe5 Bxd7 0-1

[Event "Bundesliga 9495"]
[Site "Deutschland"]
[Date "1995.??.??"]
[Round "?.2"]
[White "Kovalev, Andrei"]
[Black "Libeau, Rene"]
[Result "1-0"]
[WhiteElo "2545"]
[BlackElo "2470"]
[PlyCount "31"]
[EventDate "1994.10.??"]
[EventType "team"]
[EventRounds "15"]
[EventCountry "GER"]
[SourceTitle "Bundesliga 9495"]
[Source "DeepChess"]
[SourceDate "2005.01.01"]
[SourceVersion "1"]
[SourceVersionDate "2005.01.01"]
[SourceQuality "1"]
[WhiteTeam "SV Empor Berlin e.V."]
[BlackTeam "SV Castrop Rauxel 1923"]
[WhiteTeamCountry "GER"]
[BlackTeamCountry "GER"]

1. e4 e6 2. d4 d5 3. Nc3 Bb4 4. e5 c5 5. a3 Bxc3+ 6. bxc3 Ne7 7. Nf3 Bd7 8. Rb1
Qc7 9. dxc5 Ng6 10. Bd3 Nc6 11. O-O Ncxe5 12. Nxe5 Nxe5 13. Bf4 O-O-O 14. Qe2
f6 15. Ba6 Bc6 16. Rxb7 1-0

[Event "Bundesliga 9495"]
[Site "Deutschland"]
[Date "1995.??.??"]
[Round "?.3"]
[White "Appel, Ralf"]
[Black "Luther, Thomas"]
[Result "1-0"]
[WhiteElo "2430"]
[BlackElo "2550"]
[PlyCount "73"]
[EventDate "1994.10.??"]
[EventType "team"]
[EventRounds "15"]
[EventCountry "GER"]
[SourceTitle "Bundesliga 9495"]
[Source "DeepChess"]
[SourceDate "2005.01.01"]
[SourceVersion "1"]
[SourceVersionDate "2005.01.01"]
[SourceQuality "1"]
[WhiteTeam "SV Castrop Rauxel 1923"]
[BlackTeam "SV Empor Berlin e.V."]
[WhiteTeamCountry "GER"]
[BlackTeamCountry "GER"]

1. d4 e6 2. Nf3 d5 3. g3 Nf6 4. Bg2 b5 5. O-O Be7 6. b3 Ba6 7. Ne5 Nfd7 8. e4
c6 9. Qg4 O-O 10. Bh6 Bf6 11. Nxd7 Nxd7 12. e5 Nxe5 13. dxe5 Bxe5 14. c3 b4 15.
Re1 Bf6 16. Bd2 Rb8 17. Bf4 bxc3 18. Bxb8 Qxb8 19. Bf1 Bxf1 20. Rxf1 Qd6 21.
Qa4 Rd8 22. Nxc3 Bxc3 23. Rac1 d4 24. Qxa7 h5 25. Rfd1 Qb4 26. Rd3 Rf8 27. Qc7
c5 28. h4 g6 29. Rf3 Qa3 30. Rc2 Qa8 31. Qf4 Bb4 32. Re2 Qd5 33. Re5 Qd6 34.
Qf6 d3 35. Rxh5 gxh5 36. Qg5+ Kh7 37. Rf6 1-0

[Event "Bundesliga 9495"]
[Site "Deutschland"]
[Date "1995.??.??"]
[Round "?.4"]
[White "Rabiega, Robert"]
[Black "Dinstuhl, Volkmar"]
[Result "1-0"]
[WhiteElo "2460"]
[BlackElo "2350"]
[PlyCount "47"]
[EventDate "1994.10.??"]
[EventType "team"]
[EventRounds "15"]
[EventCountry "GER"]
[SourceTitle "Bundesliga 9495"]
[Source "DeepChess"]
[SourceDate "2005.01.01"]
[SourceVersion "1"]
[SourceVersionDate "2005.01.01"]
[SourceQuality "1"]
[WhiteTeam "SV Empor Berlin e.V."]
[BlackTeam "SV Castrop Rauxel 1923"]
[WhiteTeamCountry "GER"]
[BlackTeamCountry "GER"]

1. e4 c5 2. c3 Nf6 3. e5 Nd5 4. Nf3 e6 5. Bc4 b6 6. O-O Bb7 7. d4 Be7 8. Nbd2
Qc7 9. Bb3 cxd4 10. cxd4 O-O 11. Ne4 d6 12. Bg5 dxe5 13. Rc1 Qd8 14. dxe5 Nd7
15. Nd6 Ba6 16. Bxd5 exd5 17. Bxe7 Qxe7 18. Re1 Nxe5 19. Nf5 Nxf3+ 20. Qxf3 Qb4
21. Qg3 Qxb2 22. Rc3 g6 23. Qe5 f6 24. Qe7 1-0

[Event "Bundesliga 9495"]
[Site "Deutschland"]
[Date "1995.??.??"]
[Round "?.5"]
[White "Hermesmann, Hans"]
[Black "Muse, Mladen"]
[Result "0-1"]
[WhiteElo "2310"]
[BlackElo "2435"]
[PlyCount "88"]
[EventDate "1994.10.??"]
[EventType "team"]
[EventRounds "15"]
[EventCountry "GER"]
[SourceTitle "Bundesliga 9495"]
[Source "DeepChess"]
[SourceDate "2005.01.01"]
[SourceVersion "1"]
[SourceVersionDate "2005.01.01"]
[SourceQuality "1"]
[WhiteTeam "SV Castrop Rauxel 1923"]
[BlackTeam "SV Empor Berlin e.V."]
[WhiteTeamCountry "GER"]
[BlackTeamCountry "GER"]

1. d4 Nf6 2. c4 g6 3. Nc3 Bg7 4. e4 d6 5. f3 c6 6. Bg5 a6 7. Qd2 h6 8. Be3 b5
9. Rd1 bxc4 10. Bxc4 d5 11. Be2 dxe4 12. fxe4 Ng4 13. Bxg4 Bxg4 14. Nge2 Nd7
15. O-O Nf6 16. e5 Nd5 17. Nxd5 Qxd5 18. Nc3 Qa5 19. Rde1 Be6 20. Rc1 Rd8 21.
Qf2 Qb4 22. b3 O-O 23. Ne4 a5 24. Nc5 Bf5 25. Rc4 Qb6 26. Rfc1 Qb8 27. Qe1 Rd5
28. Qxa5 f6 29. e6 Bxe6 30. Qa4 Bf7 31. Qxc6 Rd6 32. Qa4 Rfd8 33. Rb4 Qc8 34.
Nb7 Qe6 35. Bf2 Rc8 36. Re1 Qg4 37. Nxd6 Bd5 38. Ne4 Bxe4 39. Rxe4 Qxe4 40. h3
Rc1+ 41. Kh2 Qf4+ 42. Bg3 Qf1 43. Bf4 Qg1+ 44. Kg3 Rc3+ 0-1

[Event "Bundesliga 9495"]
[Site "Deutschland"]
[Date "1995.??.??"]
[Round "?.7"]
[White "Hille, Ralph Ingo"]
[Black "Volke, Karsten"]
[Result "1/2-1/2"]
[WhiteElo "2265"]
[BlackElo "2440"]
[PlyCount "152"]
[EventDate "1994.10.??"]
[EventType "team"]
[EventRounds "15"]
[EventCountry "GER"]
[SourceTitle "Bundesliga 9495"]
[Source "DeepChess"]
[SourceDate "2005.01.01"]
[SourceVersion "1"]
[SourceVersionDate "2005.01.01"]
[SourceQuality "1"]
[WhiteTeam "SV Castrop Rauxel 1923"]
[BlackTeam "SV Empor Berlin e.V."]
[WhiteTeamCountry "GER"]
[BlackTeamCountry "GER"]

1. d4 Nf6 2. g3 g6 3. Bg2 Bg7 4. e4 O-O 5. Nc3 d6 6. Nge2 e5 7. O-O Nbd7 8. h3
c6 9. a4 a5 10. Be3 exd4 11. Bxd4 Re8 12. g4 h6 13. f4 Qc7 14. Qd2 b6 15. Rad1
Ba6 16. Rfe1 Rad8 17. Bf2 Nc5 18. Nd4 Bb7 19. Bh4 Rd7 20. Bf3 Nh7 21. Bg3 Nf8
22. Qg2 Nfe6 23. Nde2 Na6 24. Rd2 b5 25. e5 dxe5 26. Rxd7 Qxd7 27. axb5 Nb4 28.
fxe5 Ng5 29. bxc6 Nxf3+ 30. Qxf3 Bxc6 31. Qf2 Ba8 32. Nd4 Rd8 33. Ncb5 h5 34.
Nd6 hxg4 35. e6 fxe6 36. Nxe6 Rb8 37. Nxg7 Qxg7 38. hxg4 Rf8 39. Qh2 Qd4+ 40.
Bf2 Qxg4+ 41. Qg3 Qxg3+ 42. Bxg3 Nxc2 43. Re7 Nd4 44. Kh2 Rb8 45. Kh3 Bd5 46.
Be5 Nc6 47. Rg7+ Kf8 48. Bf6 Rd8 49. Nb7 Be6+ 50. Kh4 Rd1 51. Rc7 Bd7 52. Nc5
Nb8 53. Rb7 Kf7 54. Be5 Nc6 55. Nxd7 Ke6 56. Nf8+ Kxe5 57. Nxg6+ Ke4 58. Rc7
Rh1+ 59. Kg5 Rg1+ 60. Kf6 Nd4 61. Re7+ Kf3 62. Ne5+ Ke4 63. Nc6+ Kd5 64. Nxd4
Kxd4 65. Ra7 Ra1 66. Rc7 Re1 67. Ra7 Re5 68. Rd7+ Rd5 69. Ke6 Rxd7 70. Kxd7 Kc5
71. Kc7 a4 72. Kb7 Kb5 73. Ka7 Kb4 74. Kb6 Kb3 75. Kb5 a3 76. bxa3 Kxa3 1/2-1/2

[Event "Bundesliga 9495"]
[Site "Deutschland"]
[Date "1995.??.??"]
[Round "?.8"]
[White "Stern, Rene"]
[Black "Koscielski, Janusch"]
[Result "1-0"]
[WhiteElo "2400"]
[BlackElo "2200"]
[PlyCount "55"]
[EventDate "1994.10.??"]
[EventType "team"]
[EventRounds "15"]
[EventCountry "GER"]
[SourceTitle "Bundesliga 9495"]
[Source "DeepChess"]
[SourceDate "2005.01.01"]
[SourceVersion "1"]
[SourceVersionDate "2005.01.01"]
[SourceQuality "1"]
[WhiteTeam "SV Empor Berlin e.V."]
[BlackTeam "SV Castrop Rauxel 1923"]
[WhiteTeamCountry "GER"]
[BlackTeamCountry "GER"]

1. d4 Nf6 2. c4 g6 3. Nc3 Bg7 4. e4 d6 5. Bd3 O-O 6. Nge2 Nc6 7. O-O Nd7 8. Be3
e5 9. d5 Nd4 10. Rc1 c5 11. dxc6 bxc6 12. b4 c5 13. a3 Re8 14. Nd5 Nf8 15. Nxd4
exd4 16. Bd2 Nd7 17. f4 Bb7 18. Qf3 Rc8 19. g4 Nb6 20. g5 Bxd5 21. exd5 Nd7 22.
h4 h5 23. gxh6 Bxh6 24. h5 Qf6 25. hxg6 fxg6 26. Qh3 Qg7 27. Rf2 Nf6 28. Rg2
1-0

[Event "Bundesliga 9495"]
[Site "Deutschland"]
[Date "1995.??.??"]
[Round "?.1"]
[White "Watson, William N"]
[Black "Kuczynski, Robert"]
[Result "0-1"]
[WhiteElo "2550"]
[BlackElo "2510"]
[PlyCount "76"]
[EventDate "1994.10.??"]
[EventType "team"]
[EventRounds "15"]
[EventCountry "GER"]
[SourceTitle "Bundesliga 9495"]
[Source "DeepChess"]
[SourceDate "2005.01.01"]
[SourceVersion "1"]
[SourceVersionDate "2005.01.01"]
[SourceQuality "1"]
[WhiteTeam "SV Castrop Rauxel 1923"]
[BlackTeam "SV Erfurt West 90"]
[WhiteTeamCountry "GER"]
[BlackTeamCountry "GER"]

1. e4 c5 2. Nf3 d6 3. d4 cxd4 4. Nxd4 Nf6 5. Nc3 a6 6. Be3 e5 7. Nb3 Be7 8. f3
Be6 9. Qd2 Nbd7 10. g4 O-O 11. O-O-O Qc7 12. h4 b5 13. h5 b4 14. Nd5 Bxd5 15.
exd5 Nb6 16. Bxb6 Qxb6 17. Bd3 a5 18. g5 Nd7 19. Rdg1 a4 20. Bxh7+ Kxh7 21. g6+
Kg8 22. h6 axb3 23. hxg7 Qxg1+ 24. Rxg1 bxa2 25. gxf7+ Kxf7 26. Qg2 a1=Q+ 27.
Kd2 Qxg1 28. gxf8=Q+ Nxf8 29. Qxg1 Ra5 30. c4 bxc3+ 31. Kxc3 Rc5+ 32. Kb4 Rxd5
33. Ka4 Rd4+ 34. Ka5 Nd7 35. b4 d5 36. b5 Bd8+ 37. Ka6 Nc5+ 38. Ka7 Bc7 $138
0-1